MARC details
| 000 -CABECERA |
| campo de control de longitud fija |
00971nam a2200217 a 4500 |
| 005 - FECHA Y HORA DE LA ÚLTIMA TRANSACCIÓN |
| campo de control |
20220905121449.0 |
| 008 - ELEMENTOS DE LONGITUD FIJA--INFORMACIÓN GENERAL |
| campo de control de longitud fija |
190829s2014 mx r 000 0 spa d |
| 020 ## - NÚMERO INTERNACIONAL NORMALIZADO PARA LIBROS |
| Número Internacional Estándar del Libro |
9786079343569 |
| 035 ## - NÚMERO DE CONTROL DEL SISTEMA |
| Número de control de sistema |
UPN01000232542 |
| 040 ## - FUENTE DE LA CATALOGACIÓN |
| Centro catalogador/agencia de origen |
Mx-MxUPN |
| Lengua de catalogación |
spa |
| Centro/agencia transcriptor |
MX-MxUPN |
| 050 ## - SIGNATURA TOPOGRÁFICA DE LA BIBLIOTECA DEL CONGRESO |
| Número de clasificación |
Z987 |
| Número de documento/Ítem |
E53 2011 |
| 111 2# - ASIENTO PRINCIPAL--NOMBRE DE REUNION |
| 9 (RLIN) |
46136 |
| Nombre de congreso/reunión o jurisdicción como elemento de entrada |
Encuentro Nacional de Bibliotecas con Fondos Antigüos |
| Número del congreso/reunión o número de parte o sección |
(2 : |
| Fecha del congreso/reunión |
2011 : |
| Sede del congreso/Lugar de la reunión |
Universidad Autónoma de San Luis) |
| 245 00 - MENCIÓN DE TÍTULO |
| Título |
Bibliotecas con fondos antiguos : |
| Resto del título |
II encuentro nacional |
| 260 ## - PUBLICACIÓN, DISTRIBUCIÓN, ETC. |
| Lugar de publicación, distribución, etc. |
[San Luis Potosí] : |
| Nombre del editor, distribuidor, etc. |
Universidad Autónoma de San Luis Potosí, Escuela de las Ciencias de la Información : |
| -- |
Asociación Mexicana de Bibliotecas e Instituciones con Fondos Antigüos, |
| Fecha de publicación, distribución, etc. |
2014. |
| 300 ## - DESCRIPCIÓN FÍSICA |
| Extensión |
304 páginas : |
| Otras características físicas |
ilustraciones, fotografías en blanco y negro |
| 650 #0 - ASIENTO SECUNDARIO DE MATERIA - TERMINO TEMATICO |
| 9 (RLIN) |
46137 |
| Término de materia o nombre geográfico como elemento de entrada |
Bibliotecas |
| Subdivisión de forma |
Colecciones especiales |
| -- |
Congresos |
| 650 #0 - ASIENTO SECUNDARIO DE MATERIA - TERMINO TEMATICO |
| 9 (RLIN) |
46138 |
| Término de materia o nombre geográfico como elemento de entrada |
Libros raros en bibliotecas |
| Subdivisión de forma |
Congresos |
| 905 ## - TIPO DE MATERIAL |
| Tipo de material |
Libro |
| 942 ## - ELEMENTOS DE PUNTO DE ACCESO ADICIONAL (KOHA) |
| Suprimir en OPAC |
No |
| Fuente del sistema de clasificación o colocación |
Library of Congress Classification |
| Tipo de ítem Koha |
Libro |